01351nam a2200193Ia 4500001001300000003001000013005001700023008004100040040002500081041000700106100003100113245013200144260003500276300001200311500008600323520071400409650002301123654001101146b5120-33885 IT-MiCISF20230307105518.0161014s9999||||xx |||||||||||||| ||und|| aIT-MiCISFcIT-MiCISF ait aMengarelli Flamigni Marina 0aI bambini nel cassetto.bLe molte facce della procreazione: uno sguardo socio-culturale sulla fertilità e sulla infertilità a Milano,bFranco Angeli,c2001 app. 127 a / procreazione, sociologia, maternità, sterilità, procreazione-artificiale / a Il problema culturale qui affrontato è il "mandato generativo", visto come fattore potente, originario, in qualche modo inevitabile per il pensiero femminile sulla propria identità e sul proprio futuro. Tuttavia la società contemporanea - e la donna in essa - si misura oggi con una duplice possibilità "negativa" rispetto alla procreazione: da un lato il rifiuto consapevole della generatività (libera scelta di non procreare), dall'altro la sterilità (impotenza generativa, limite imposto dalla natura). Vengono proposti alcuni spunti di riflessione – non sempre condivisibili - con linguaggio non specialistico e con una rilevante attenzione alla dimensione relazionale di tali problemi.  a procreazionee006 asaggio